[Event "45th Olympiad 2024"]
[Site "Budapest HUN"]
[Date "2024.09.18"]
[Round "7.54"]
[Board "2"]
[White "Cahaya, Satria Duta"]
[Black "Lam, Daniel King Wai"]
[Result "1-0"]
[WhiteElo "2219"]
[BlackElo "2088"]
[PlyCount "65"]
[EventDate "2024.09.11"]
[WhiteTeam "Indonesia"]
[BlackTeam "Hong Kong, China"]
[WhiteTeamCountry "INA"]

1. e4 c6 2. d4 d5 3. Nc3 dxe4 4. Nxe4 Nf6 5. Nxf6+ exf6 6. Bc4 Qe7+ 7. Qe2 Be6 8. Bb3 a5 9. Be3 ({RR} 9. Nf3 a4 10. Bxe6 Qxe6 11. Be3 Be7 12. O-O O-O 13. c4 Na6 14. Rfe1 Rfd8 15. a3 Bf8 16. Qc2 Nc7 17. Rad1 Qd7 18. h3 b5 19. Rc1 Rdc8 20. Qd1 Rcb8 21. Re2 b4 22. axb4 Rxb4 23. Rd2 Rab8 {½-½ Radulski,J (2606)-Miladinovic,I (2560) Belgrade Balkan GP final 2nd 2010 (9)}) ({RR} 9. Bf4 a4 10. Bxe6 Qxe6 11. O-O-O Qxe2 12. Nxe2 Nd7 13. d5 Bc5 14. dxc6 bxc6 15. Nd4 O-O 16. Nxc6 Nb6 17. Bd6 Bxd6 18. Rxd6 Nc4 19. Rd4 Ne5 20. Nxe5 fxe5 21. Rd5 Rfe8 22. Re1 e4 23. Rd4 f5 {1-0 Melikyan,G (2159)-Livaic,L (2569) Titled Tuesday intern op 07th Jun Early blitz 2022 (4)}) 9... a4 10. Bxe6 fxe6 $146 ({RR} 10... Qxe6 11. Nf3 Bd6 12. O-O O-O 13. Rfe1 Na6 14. a3 Nc7 15. c4 Rfe8 16. Qd3 Qd7 17. Bd2 Ne6 18. Qf5 Red8 19. Rad1 Nc5 20. Qxd7 Nxd7 21. Bc3 Bf8 22. Re2 Nb6 23. Nd2 c5 {½-½ Ecsedi,S (2082)-Hevesi,Z (2132) HUN-chT2 Maroczy 0708 2007 (9)}) 11. Nh3 Qf7 12. O-O a3 13. b3 Na6 14. c3 Bd6 15. Bf4 Bxf4 16. Nxf4 Nc7 17. Rae1 O-O 18. Qc2 Rfe8 19. Re2 Qd7 20. Rfe1 Qd6 21. Re4 Re7 22. Nd3 b6 23. b4 Nd5 24. Qb3 Kh8 25. g3 g6 26. c4 Nc7 27. Nf4 f5 28. c5 Qd7 29. Re5 Qxd4 30. cxb6 Qxb6 31. Qc3 Kg8 32. Qc4 Rb8 33. Rb1 1-0

[Event "45th Olympiad 2024"]
[Site "Budapest HUN"]
[Date "2024.09.18"]
[Round "7.54"]
[Board "3"]
[White "Chan, Wang Ip Boris"]
[Black "Ulhaq, Zacky Dhia"]
[Result "1/2-1/2"]
[WhiteElo "2016"]
[BlackElo "2203"]
[PlyCount "73"]
[EventDate "2024.09.11"]
[WhiteTeam "Hong Kong, China"]
[BlackTeam "Indonesia"]
[BlackTeamCountry "INA"]

1. e4 e5 2. Nf3 Nc6 3. Bc4 Nf6 4. d3 Bc5 5. O-O a6 6. a4 d6 7. c3 Ba7 8. Nbd2 O-O 9. h3 h6 10. Re1 Re8 11. Nf1 Be6 12. Bb3 d5 13. exd5 Bxd5 14. Ng3 $146 ({RR} 14. Bc2 Qd7 15. Ng3 Rad8 16. Be3 Bxe3 17. Rxe3 Nh7 18. Qe2 Bxf3 19. Qxf3 Ng5 20. Qf5 g6 21. Qxd7 Rxd7 22. f4 Nh7 23. Rae1 Rde7 24. fxe5 Rxe5 25. Kf2 Nf6 26. d4 Rxe3 27. Rxe3 Rxe3 28. Kxe3 Kf8 {1-0 Sathvik Adiga (2365)-Srivatsan Karthikeyan (1851) Titled Tue 6th Aug Early 2024 (1)}) 14... Bxb3 15. Qxb3 Qxd3 16. Be3 Bxe3 17. Rxe3 Qd5 18. Qc2 Qe6 19. Nd4 Nxd4 20. cxd4 Qd5 21. dxe5 Rxe5 22. Rd1 Qe6 23. Rde1 Rxe3 24. Rxe3 Qd7 25. Kh2 Rd8 26. Nf5 g6 27. Nxh6+ Kg7 28. Ng4 Nxg4+ 29. hxg4 Qd6+ 30. g3 Qd2 31. Re2 Qxc2 32. Rxc2 c6 33. Kg2 Rd3 34. b4 Rd4 35. b5 Rxg4 36. bxc6 bxc6 37. f4 1/2-1/2

[Event "45th Olympiad 2024"]
[Site "Budapest HUN"]
[Date "2024.09.18"]
[Round "7.54"]
[Board "4"]
[White "Kristopher, Reynard"]
[Black "Li, Yiheng"]
[Result "1/2-1/2"]
[WhiteElo "2114"]
[BlackElo "1893"]
[PlyCount "100"]
[EventDate "2024.09.11"]
[WhiteTeam "Indonesia"]
[BlackTeam "Hong Kong, China"]
[WhiteTeamCountry "INA"]

1. d4 d5 2. Nc3 Nf6 3. Bf4 e6 4. Nb5 Na6 5. e3 Be7 6. Nf3 O-O 7. Bd3 c6 8. Nc3 Nb4 9. a3 ({RR} 9. h3 Nxd3+ 10. cxd3 b6 11. O-O Bb7 12. Qb3 Nd7 13. Rfe1 Rc8 14. Rac1 h6 15. Bg3 a5 16. Na4 Ba6 17. Ne5 Nxe5 18. Bxe5 Bb5 19. Re2 Re8 20. Rec2 Bf8 21. Nxb6 Qxb6 22. a4 Ra8 23. g4 Qd8 {0-1 Rapport,R (2731)-Giri,A (2783) Tata Steel-A 81st 2019 (4)}) 9... Nxd3+ 10. cxd3 Nh5 $146 ({RR} 10... b6 11. O-O Bb7 12. e4 c5 13. e5 Nd7 14. dxc5 bxc5 15. d4 Rc8 16. Qd2 cxd4 17. Qxd4 Rc4 18. Qd2 Nc5 19. Rab1 Nb3 20. Qd1 Rxf4 21. Qxb3 Ba8 22. Rfe1 Bc5 23. Qd1 d4 24. Na4 Bb6 25. Nxb6 {0-1 Hernandez Santos,D (1658)-Hnatyshyn,A (2178) Titled Tue 26th Mar Early 2024 (2)}) 11. Bg3 Nxg3 12. hxg3 c5 13. dxc5 Bxc5 14. d4 Be7 15. O-O Bd7 16. Qe2 Qa5 17. Ne5 Rfd8 18. b4 Qb6 19. Nxd7 Rxd7 20. Na4 Qd8 21. Nc5 Rc7 22. Rfc1 Rac8 23. Qb2 b6 24. Nd3 Bd6 25. Rxc7 Rxc7 26. Rc1 Qc8 27. Rxc7 Qxc7 28. Qc1 Qc4 29. Qxc4 dxc4 30. Nb2 c3 31. Nd3 a5 32. Kf1 axb4 33. axb4 c2 34. Ke2 Bxb4 35. g4 Kf8 36. Nc1 Ke7 37. Kd3 Ba3 38. Kxc2 Bxc1 39. Kxc1 f5 40. gxf5 exf5 41. f4 Ke6 42. Kc2 Kd5 43. Kc3 h6 44. Kb4 g5 45. fxg5 hxg5 46. g3 f4 47. exf4 gxf4 48. gxf4 Kxd4 49. Kb5 Ke4 50. Kxb6 Kxf4 1/2-1/2

[Event "45th Olympiad 2024"]
[Site "Budapest HUN"]
[Date "2024.09.18"]
[Round "7.55"]
[Board "1"]
[White "Laohawirapap, Prin"]
[Black "Asabri, Hussien"]
[Result "1-0"]
[WhiteElo "2380"]
[BlackElo "2196"]
[PlyCount "84"]
[EventDate "2024.09.11"]
[WhiteTeam "Thailand"]
[BlackTeam "Libya"]
[WhiteTeamCountry "THA"]
[BlackTeamCountry "LBY"]

1. e4 e5 2. Nf3 Nc6 3. Bc4 Bc5 4. c3 Bb6 5. d4 Qe7 6. O-O Nf6 7. Bb5 ({RR} 7. b4 d6 8. a4 a6 9. a5 Ba7 10. d5 Nd8 11. Re1 O-O 12. Bg5 h6 13. Be3 Bxe3 14. Rxe3 g6 15. Nbd2 Kh8 16. Bd3 Ng4 17. Re1 f5 18. Qc2 f4 19. c4 Nf6 20. c5 Nf7 21. b5 axb5 {½-½ Ethereal 13.89_NNUE (3515)-Stockfish dev16_202209170930 (3611) TCEC 23 Premier 2022 (46.4)}) ({RR} 7. Re1 h6 8. a4 a5 9. Na3 d6 10. Bb5 Bd7 11. Nc4 Ba7 12. Ne3 Nb8 13. Nf5 Qf8 14. dxe5 Ng4 15. Be3 Bxe3 16. Nxe3 Nxe5 17. Nxe5 Bxb5 18. axb5 dxe5 19. Qd5 Nd7 20. Qxb7 Rb8 21. Qxc7 Qc5 {1-0 Miladi,A (1851)-Nihaya,A (1589) Olympiad Women 2024 (2.63)}) 7... O-O 8. Bxc6 $146 ({RR} 8. Bg5 d6 9. Na3 Bg4 10. Bxc6 bxc6 11. dxe5 dxe5 12. Nc4 Rad8 13. Qe2 h6 14. Bh4 Qe6 15. b3 g5 16. Bg3 Nd7 17. Ne3 Nc5 18. h3 Bh5 19. Nf5 Nd3 20. Rad1 Nf4 21. Bxf4 exf4 22. Rfe1 Qf6 {1-0 Cicak,S (2445)-Revusky,J (2100) Sitges op 1996 (1)}) ({RR} 8. Bg5 d6 9. Re1 h6 10. Bh4 Bg4 11. Qd3 Rad8 12. Nbd2 Kh8 13. a4 a5 14. Nc4 g5 15. Nxg5 hxg5 16. Bxg5 Rg8 17. Bh4 exd4 18. Bxc6 bxc6 19. e5 dxe5 20. Rxe5 Be6 21. Rh5+ Nxh5 22. Bxe7 Rxg2+ {1-0 Cormos,E-Pneumonidis,P Quebec op 1997 (1)}) 8... bxc6 9. Nxe5 d6 10. Nc4 Qxe4 11. a4 a5 12. Re1 Qh4 13. Qf3 Be6 14. Nxb6 cxb6 15. Bf4 Bd5 16. Qg3 Qxg3 17. hxg3 Rfe8 18. Nd2 Rxe1+ 19. Rxe1 Re8 20. Re3 Rxe3 21. fxe3 Ne4 22. Nxe4 Bxe4 23. Bxd6 b5 24. axb5 cxb5 25. Kf2 f5 26. Bc7 a4 27. g4 g6 28. gxf5 gxf5 29. g4 fxg4 30. Kg3 Kf7 31. Kf4 Bf3 32. e4 h5 33. Bd8 Ke6 34. Bh4 Be2 35. d5+ Kd6 36. Ke3 Bd1 37. Kd4 Bb3 38. e5+ Kd7 39. e6+ Kd6 40. Bg3+ Ke7 41. Ke5 Bc4 42. d6+ Ke8 1-0

[Event "45th Olympiad 2024"]
[Site "Budapest HUN"]
[Date "2024.09.18"]
[Round "7.55"]
[Board "2"]
[White "Alhassadi, Yousef A."]
[Black "Bodemar, Jonathan"]
[Result "0-1"]
[WhiteElo "2082"]
[BlackElo "2195"]
[PlyCount "74"]
[EventDate "2024.09.11"]
[WhiteTeam "Libya"]
[BlackTeam "Thailand"]
[WhiteTeamCountry "LBY"]
[BlackTeamCountry "THA"]

1. e4 e6 2. d4 d5 3. Nc3 Nf6 4. e5 Nfd7 5. f4 c5 6. Nf3 Nc6 7. Be3 Be7 8. Qd2 O-O 9. dxc5 Qa5 10. O-O-O b6 11. Bb5 Nb4 12. a3 bxc5 13. Kb1 Nb6 14. f5 d4 15. Bxd4 cxd4 16. Nxd4 Rd8 17. axb4 $146 ({RR} 17. f6 Bf8 18. fxg7 Be7 19. Qh6 Rxd4 20. Rxd4 N6d5 21. Rxd5 exd5 22. axb4 Qb6 23. Bc6 Bg5 24. Qd6 Bb7 25. Bxd5 Qxd6 26. exd6 Bxd5 27. Nxd5 Rd8 28. Ne7+ Kxg7 29. c4 {1-0 Shevchenko,K (2542)-Druska,J (2472) CZE-chT 1920 2019 (4.5)}) 17... Qxb4 18. Qf2 Nc4 19. Bxc4 Qxc4 20. f6 Bf8 21. Nb3 Bb7 22. Rhf1 g6 23. g3 Qc7 24. Rxd8 Qxd8 25. Rd1 Qc7 26. Qd4 a5 27. Nc1 Bc6 28. h4 h6 29. Qc4 Qb6 30. Nd3 a4 31. g4 a3 32. b3 Ra5 33. Ka2 Bb7 34. Na4 Qe3 35. Qc7 Qe2 36. Nc3 Qxc2+ 37. Ka1 Rc5 0-1

[Event "45th Olympiad 2024"]
[Site "Budapest HUN"]
[Date "2024.09.18"]
[Round "7.55"]
[Board "3"]
[White "Teerapabpaisit, Wisuwat"]
[Black "Naser Eldean, Ahmed"]
[Result "1-0"]
[WhiteElo "2070"]
[BlackElo "1981"]
[PlyCount "75"]
[EventDate "2024.09.11"]
[WhiteTeam "Thailand"]
[BlackTeam "Libya"]
[WhiteTeamCountry "THA"]
[BlackTeamCountry "LBY"]

1. e4 e6 2. d4 d5 3. Nd2 Nc6 4. Ngf3 Nf6 5. e5 Nd7 6. Nb3 f6 7. Bb5 fxe5 8. dxe5 Nc5 ({RR} 8... Qe7 9. O-O Nb6 10. Bg5 Qd7 11. Nfd4 a6 12. Bxc6 bxc6 13. Qh5+ g6 14. Qh4 c5 15. Bf6 Rg8 16. Nf3 c4 17. Nbd2 c5 18. Rad1 h6 19. Ne4 g5 20. Qg4 Qf7 21. Ng3 Kd7 22. b3 Kc6 23. bxc4 {1-0 Giri,A (2774)-Duda,J (2756) Speed Chess Chess.com INT blitz 2021 (1.34)}) ({RR} 8... Be7 9. Bxc6 bxc6 10. Nbd4 Nb6 11. Nxc6 Qd7 12. Nxe7 Qxe7 13. O-O O-O 14. b3 c5 15. a4 a5 16. Ba3 Bb7 17. Qd2 h6 18. Qe3 Rac8 19. Rad1 Rf5 20. Qc3 Qf7 21. Qxa5 Nd7 22. Qd2 Rxf3 23. gxf3 {0-1 Poddubnyi,V (2304)-Murthy,P (1821) Titled Tue 20th Feb Late 2024 (8)}) 9. Ng5 Nxb3 $146 ({RR} 9... Bd7 10. Bxc6 bxc6 11. Qh5+ g6 12. Qf3 Qe7 13. Nxc5 Qxc5 14. Qf7+ Kd8 15. Qf6+ {1-0 Tal,M-Vaganian,R Dubna 1973 (1)}) 10. axb3 Bd7 11. Bxc6 bxc6 12. Qg4 Qe7 13. c3 c5 14. Nxh7 Qf7 15. Ng5 Qg6 16. h4 Be7 17. h5 Qf5 18. Qe2 Bxg5 19. g4 Qg6 20. f4 Bxf4 21. Bxf4 Qe4 22. Qxe4 dxe4 23. Be3 O-O 24. Bxc5 Rf4 25. Rg1 a6 26. c4 Bc6 27. Ke2 e3 28. Bxe3 Re4 29. Ra5 Rb8 30. Rxa6 Rxb3 31. Rxc6 Rexe3+ 32. Kd2 Rxe5 33. Rxc7 Rxb2+ 34. Kc3 Ree2 35. g5 Rb8 36. h6 g6 37. Rf1 Rf8 38. Rg7+ 1-0

[Event "45th Olympiad 2024"]
[Site "Budapest HUN"]
[Date "2024.09.18"]
[Round "7.55"]
[Board "4"]
[White "Elshaafi, Ali"]
[Black "Arunnuntapanich, Tinnakrit"]
[Result "0-1"]
[WhiteElo "1984"]
[BlackElo "2064"]
[PlyCount "152"]
[EventDate "2024.09.11"]
[WhiteTeam "Libya"]
[BlackTeam "Thailand"]
[WhiteTeamCountry "LBY"]
[BlackTeamCountry "THA"]

1. e4 c5 2. Nf3 e6 3. d4 cxd4 4. Nxd4 Nf6 5. Nc3 Nc6 6. Nxc6 bxc6 7. e5 Nd5 8. Ne4 Qc7 9. f4 Qb6 10. c4 Ne3 11. Qd3 Bb4+ 12. Bd2 Ba6 13. Bxb4 Qxb4+ 14. Kf2 Qxb2+ 15. Be2 Nxc4 16. Rab1 Nxe5 17. fxe5 Qxe5 18. Qxa6 Qxe4 19. Rhd1 O-O 20. Rb7 ({RR} 20. Bf3 Qf5 21. Kg1 Rfc8 22. Rb7 d5 23. Rxa7 Rab8 24. Rf1 Qe5 25. Bd1 Rf8 26. Qe2 Qxe2 27. Bxe2 Rb2 28. Bd1 c5 29. a4 c4 30. Rc7 g6 31. h4 h5 32. g4 hxg4 33. Bxg4 Rb6 34. Rf6 Ra6 {1-0 Dominguez Perez,L (2739)-Guseinov,G (2661) FIDE World Cup 2023 (3.1)}) 20... Qf5+ $146 ({RR} 20... d5 21. Rxa7 Qf4+ 22. Bf3 Rxa7 23. Qxa7 Qxh2 24. Rb1 e5 25. Rb8 g6 26. Rxf8+ Kxf8 27. Qc5+ Kg7 28. Qxc6 Qh4+ 29. Kf1 Qh1+ 30. Kf2 Qh4+ 31. Kf1 e4 32. Qc3+ f6 33. Qc7+ Kh6 34. g3 Qh3+ 35. Bg2 {½-½ Levine,J (2373)-Krishnan,V (2340) 1000GM Vegas GMA 2024 (7.3)}) 21. Kg1 Qc5+ 22. Kh1 d5 23. Rc7 Rab8 24. Rxc6 Qe3 25. Qd3 Qe5 26. Rdc1 g6 27. h3 Rb2 28. R6c2 Rfb8 29. Bf3 Kg7 30. Qe2 Qxe2 31. Bxe2 e5 32. Kg1 e4 33. Kf1 d4 34. Rxb2 Rxb2 35. Bc4 d3 36. Rd1 h5 37. a4 f5 38. Bxd3 exd3 39. Rxd3 Rb7 40. Rd6 Kh6 41. Kf2 h4 42. Kf3 Kh5 43. Rd5 Kg5 44. Rc5 Rb3+ 45. Kf2 Ra3 46. Rc4 Ra2+ 47. Kf3 a5 48. Rd4 Kh5 49. Rf4 Ra3+ 50. Kf2 Rc3 51. Rd4 Rc5 52. Kf3 Kg5 53. Kf2 Re5 54. Kf3 Kh5 55. Rf4 Rc5 56. Rd4 g5 57. Kf2 Rc2+ 58. Kf1 Rc5 59. Kf2 g4 60. hxg4+ fxg4 61. Rd2 g3+ 62. Kf3 Rf5+ 63. Ke3 h3 64. gxh3 Kh4 65. Rd8 Kxh3 66. Rh8+ Kg2 67. Ke4 Rc5 68. Rd8 Rc4+ 69. Ke3 Rxa4 70. Rd2+ Kh3 71. Rd8 Ra3+ 72. Kf4 Kh2 73. Rh8+ Kg1 74. Rc8 g2 75. Rc1+ Kh2 76. Rc2 Kh1 0-1

[Event "45th Olympiad 2024"]
[Site "Budapest HUN"]
[Date "2024.09.18"]
[Round "7.56"]
[Board "1"]
[White "Mehrad, Ahmad Tamim"]
[Black "Sanchez Alvarez, Roberto Carlos"]
[Result "0-1"]
[WhiteElo "2015"]
[BlackElo "2376"]
[PlyCount "50"]
[EventDate "2024.09.11"]
[WhiteTeam "Afghanistan"]
[BlackTeam "Panama"]
[WhiteTeamCountry "AFG"]
[BlackTeamCountry "PAN"]

1. Nf3 c5 2. c4 Nc6 3. d4 cxd4 4. Nxd4 Nf6 5. Nc3 e6 6. e3 d5 7. a3 Bd6 8. Be2 O-O 9. cxd5 exd5 10. Bf3 ({RR} 10. O-O Re8 11. Re1 Ne5 12. h3 a6 13. b3 Bb8 14. Bb2 Qd6 15. Nf3 Be6 16. Nb1 Nxf3+ 17. Bxf3 Qh2+ 18. Kf1 Be5 19. Bxe5 Qxe5 20. Qd4 Qxd4 21. exd4 Rac8 22. Ra2 Bf5 23. Nd2 Bd3+ 24. Be2 Rxe2 {0-1 Nauryzgaliev,A (1894)-Ibadov,D (2372) Astana Zhuldyzdary Open A 2023 (1.43)}) 10... Re8 $146 ({RR} 10... Be6 11. O-O Ne5 12. h3 Rc8 13. Qe2 Bb8 14. Rd1 Qc7 15. Ncb5 Qb6 16. b4 a6 17. Nxe6 Nxf3+ 18. Qxf3 fxe6 19. Nd4 Qd6 20. Qg3 e5 21. Nf3 Ne4 22. Qh2 Qg6 23. Ne1 Nxf2 24. Bb2 Nxd1 25. Rxd1 {0-1 Schoengart,R (2180)-Struessmann,F Lueneburg distr-ch 1996 (1)}) ({RR} 10... Bb8 11. O-O Re8 12. Qb3 Na5 13. Qc2 Qd6 14. g3 Bh3 15. Rd1 Qe5 16. b4 Nc6 17. Bb2 Qg5 18. Nxc6 bxc6 19. Ne2 Be5 20. Nd4 Rac8 21. Rac1 h5 22. Bg2 Bxg2 23. Kxg2 Qg4 24. h3 Qd7 25. Nb3 {1-0 Nagy,J (1854)-Egyed,V (1992) HUN-chT2 Toth 1718 2017 (10.5)}) 11. Nxd5 Nxd5 12. Bxd5 Qa5+ 13. b4 Qxd5 14. O-O Nxd4 15. exd4 Bd7 16. Bb2 Re6 17. Qd2 Rae8 18. Rae1 Bf4 19. Qc3 Bc6 20. f3 Re2 21. Rxe2 Rxe2 22. Bc1 Bxh2+ 23. Kxh2 Qd6+ 24. Kh3 Bd7+ 25. Kh4 Qh2+ 0-1

[Event "45th Olympiad 2024"]
[Site "Budapest HUN"]
[Date "2024.09.18"]
[Round "7.56"]
[Board "2"]
[White "Delgado Rosas, Alex Antonio"]
[Black "Haidary, Hameedullah"]
[Result "1-0"]
[WhiteElo "2157"]
[BlackElo "2192"]
[PlyCount "139"]
[EventDate "2024.09.11"]
[WhiteTeam "Panama"]
[BlackTeam "Afghanistan"]
[WhiteTeamCountry "PAN"]
[BlackTeamCountry "AFG"]

1. d4 Nf6 2. Bf4 g6 3. Nc3 d5 4. e3 Bg7 5. Nb5 Na6 6. Nc3 ({RR} 6. h3 O-O 7. Nf3 c6 8. Nc3 Nc7 9. Be2 Nce8 10. O-O Nd6 11. Ne5 Nfe4 12. Nxe4 Nxe4 13. c4 f6 14. Nf3 Be6 15. Qc2 Qd7 16. Bh2 Nd6 17. cxd5 cxd5 18. Qb3 Rfc8 19. Rac1 Nc4 20. Rfd1 Bf7 {1-0 Nihal,S (2662)-Amin,B (2680) Wch Blitz Warsaw 2021 (20)}) 6... Nb8 ({RR} 6... O-O 7. Bxa6 bxa6 8. Be5 c6 9. Nf3 Re8 10. O-O Bf8 11. h3 Nd7 12. Bh2 Qb6 13. Na4 Qb5 14. b3 e6 15. Ne5 f6 16. c4 Qb7 17. Nxd7 Qxd7 18. Qf3 Bg7 19. Rac1 e5 20. cxd5 Qxd5 21. Qxd5+ {½-½ Delgado Rosas,A (2157)-Cubas,J (2417) 45th Olympiad 2024 (4.39)}) 7. h4 h6 $146 ({RR} 7... c6 8. Be2 h5 9. Nf3 O-O 10. Ne5 Nbd7 11. f3 Qb6 12. Rb1 Nxe5 13. Bxe5 Nd7 14. Bxg7 Kxg7 15. g4 hxg4 16. fxg4 Qc7 17. g5 e5 18. h5 Qd8 19. Rg1 gxh5 20. Bxh5 Qe7 21. Kf2 Rh8 22. Rh1 {1-0 Siddharth,J (2438)-Chen,R (2367) Charlotte Fall GMA 2023 (1.4)}) ({RR} 7... h5 8. Nf3 O-O 9. Qd2 c5 10. Ne5 Nc6 11. Bb5 cxd4 12. exd4 Qb6 13. O-O-O Ne4 14. Nxe4 Qxb5 15. Nc3 Qa6 16. f3 Rd8 17. Rde1 Qb6 18. Nxc6 bxc6 19. Be5 f6 20. Bf4 Re8 21. g4 e5 22. Bh6 {1-0 Masruri,R (2318)-Xu,J (2138) Serbia Open 2024 (2.39)}) ({RR} 7... O-O 8. h5 c5 9. hxg6 hxg6 10. Nf3 Nc6 11. Be2 Bf5 12. Ne5 cxd4 13. exd4 Qb6 14. Nxc6 bxc6 15. Na4 Qd8 16. g4 Bc8 17. f3 Nd7 18. Qd2 e5 19. Bg5 f6 20. Bh6 Rf7 21. O-O-O Rb8 22. Bd3 {0-1 Lukasiewicz,K (2290)-Jedraszek,P (2124) 34th Cracovia Open A 2023 (1.41)}) 8. Nf3 Bg4 9. Qd2 c6 10. Ne5 Bf5 11. f3 h5 12. O-O-O Nbd7 13. Bd3 Be6 14. Rdg1 Qa5 15. g4 Nxe5 16. Bxe5 O-O-O 17. Kb1 Rh7 18. Qd1 Ne8 19. Bxg7 Nxg7 20. Ne2 Rdh8 21. g5 Rd8 22. c3 Rhh8 23. Ng3 c5 24. Re1 Rhe8 25. Qc1 Kb8 26. Rhf1 Rc8 27. Rf2 Red8 28. f4 Qc7 29. Rg1 Qd7 30. dxc5 Rxc5 31. Qc2 Bf5 32. Bxf5 gxf5 33. Qd3 Rc4 34. Rd2 e6 35. Qe2 Rcc8 36. Rh1 Rh8 37. c4 Rc5 38. Rhd1 Qc6 39. cxd5 exd5 40. Rc2 Rxc2 41. Qxc2 Qxc2+ 42. Kxc2 Rd8 43. Kd3 Kc7 44. Rc1+ Kd6 45. b4 a6 46. a4 Ra8 47. a5 Rb8 48. Rb1 b5 49. axb6 Rxb6 50. Ra1 Kd7 51. Ra5 Ke6 52. Ne2 Ke7 53. Nc3 Ke6 54. Nxd5 Rd6 55. Kc4 Rc6+ 56. Rc5 Kd6 57. Rxc6+ Kxc6 58. Nf6 Kd6 59. Kb3 Kc6 60. Ka4 Kb6 61. Nd7+ Kc6 62. Ne5+ Kd5 63. Ka5 Ke4 64. Kxa6 Kxe3 65. b5 Kxf4 66. Nxf7 Ke4 67. b6 Ne6 68. g6 f4 69. g7 Nxg7 70. b7 1-0

[Event "45th Olympiad 2024"]
[Site "Budapest HUN"]
[Date "2024.09.18"]
[Round "7.56"]
[Board "3"]
[White "Kanz, Ahmad Safy"]
[Black "Mendez Machado, Andre"]
[Result "1-0"]
[WhiteElo "1977"]
[BlackElo "2122"]
[PlyCount "98"]
[EventDate "2024.09.11"]
[WhiteTeam "Afghanistan"]
[BlackTeam "Panama"]
[WhiteTeamCountry "AFG"]
[BlackTeamCountry "PAN"]

1. c4 e5 2. Nc3 Nf6 3. Nf3 Nc6 4. e4 Bb4 5. d3 d6 6. a3 Bc5 7. b4 Bb6 8. Na4 Bg4 9. Nxb6 ({RR} 9. Be2 Bxf3 10. Bxf3 Bd4 11. Rb1 a6 12. Bd2 Qd7 13. Nc3 O-O 14. O-O Ba7 15. Bg5 Qe6 16. Nd5 Ne8 17. Bg4 Qg6 18. Be7 Nd4 19. c5 c6 20. Ne3 Nf6 21. Bf5 Qg5 22. Bxf8 Rxf8 23. Nc4 g6 {½-½ Caruana,F (2795)-Nepomniachtchi,I (2771) Saint Louis Rapid 2023 (3.1)}) 9... axb6 10. Bb2 O-O 11. h3 $146 ({RR} 11. g3 Nd4 12. Bxd4 exd4 13. Bg2 Re8 14. O-O Qd7 15. Qd2 c5 16. bxc5 bxc5 17. Rfb1 Ra6 18. Rb3 b6 19. Qb2 Qa7 20. Ne1 Bd7 21. Qa2 Rb8 22. Rab1 Ba4 23. R3b2 Ra5 24. f4 Ng4 25. Bf3 Ne3 {½-½ Smietanska,W (1910)-Malicka,M (2307) Wch Rapid (Women) 2021 (11)}) ({RR} 11. Be2 Nh5 12. g3 Nf6 13. h3 Be6 14. Kf1 Ne7 15. Kg2 Qd7 16. d4 Nxe4 17. dxe5 d5 18. Rc1 c5 19. bxc5 bxc5 20. Bd3 Qc6 21. Qe2 Ra4 22. Rhe1 b5 23. cxd5 Bxd5 24. Bxb5 Qb7 25. Bxa4 Ng5 {1-0 Andreikin,D (2729)-Iniyan,P (2495) Titled Tue 16th Apr Early 2024 (6)}) ({RR} 11. Be2 Re8 12. O-O Nd7 13. h3 Bxf3 14. Bxf3 Nf8 15. Bg4 Ng6 16. g3 Nf8 17. b5 Nd4 18. f4 f6 19. Ra2 Nfe6 20. Bxe6+ Nxe6 21. f5 Nc5 22. Bc1 c6 23. bxc6 bxc6 24. Be3 d5 25. cxd5 cxd5 {½-½ Wiwatanadate,P (2019)-Mokawattana,W (1616) 46th ch-THA 2023 (9.4)}) ({RR} 11. Be2 Ne7 12. Nh4 Bxe2 13. Qxe2 Ng6 14. Nxg6 fxg6 15. O-O g5 16. d4 exd4 17. Bxd4 Qe7 18. Rfe1 Rae8 19. Qd3 g4 20. e5 Nd7 21. e6 Ne5 22. Bxe5 dxe5 23. Rxe5 Qf6 24. Rae1 Qxf2+ 25. Kh1 Rd8 {½-½ Garcia Ramos,D (2436)-Maurizzi,M (2479) Barcelona GM 4th 2021 (8)}) 11... Bxf3 12. Qxf3 Nd7 13. Qe3 Qf6 14. Be2 Nd4 15. Bd1 c5 16. O-O Qe7 17. Rb1 Ra7 18. Kh2 b5 19. f4 bxc4 20. dxc4 Re8 21. f5 f6 22. b5 Nb6 23. Qd3 Qf7 24. Rc1 Rea8 25. g4 Kh8 26. h4 Na4 27. Ba1 Nb6 28. Bb2 Qe7 29. Rg1 Na4 30. Bxa4 Rxa4 31. Rc3 Re8 32. Qd1 Raa8 33. g5 d5 34. cxd5 Nxb5 35. Rcg3 Nd6 36. Qh5 Nxe4 37. g6 h6 38. R3g2 Kg8 39. Bc1 Ra4 40. Bxh6 gxh6 41. g7 Ng5 42. hxg5 fxg5 43. f6 Qf7 44. Rxg5 Qxh5+ 45. Rxh5 Rxa3 46. Rxe5 Ra2+ 47. Kh1 Raa8 48. Re7 Rxe7 49. fxe7 Kf7 1-0

[Event "45th Olympiad 2024"]
[Site "Budapest HUN"]
[Date "2024.09.18"]
[Round "7.56"]
[Board "4"]
[White "Schnell, Sebastian Narayana"]
[Black "Abdul Khaliq, Wais"]
[Result "1-0"]
[WhiteElo "2059"]
[BlackElo "1968"]
[PlyCount "87"]
[EventDate "2024.09.11"]
[WhiteTeam "Panama"]
[BlackTeam "Afghanistan"]
[WhiteTeamCountry "PAN"]
[BlackTeamCountry "AFG"]

1. d4 e6 2. Nf3 b5 3. g3 Bb7 4. Bg2 c5 5. c3 Nf6 6. O-O Qb6 7. Nbd2 cxd4 ({RR} 7... d6 8. a4 a6 9. dxc5 dxc5 10. axb5 axb5 11. Rxa8 Bxa8 12. c4 Nbd7 13. Qb3 b4 14. Ne5 Bxg2 15. Nxd7 Qb7 16. Nxf6+ gxf6 17. Rd1 Bc6 18. Qd3 Be7 19. Nb3 Be4 20. Qd2 Qc7 21. f3 Bg6 22. e4 {0-1 Maalla,A (2094)-Kjartansson,G (2443) Palma de Mallorca op 2021 (5)}) 8. cxd4 ({RR} 8. Nxd4 Bxg2 9. Kxg2 Nc6 10. N2f3 Nxd4 11. cxd4 Be7 12. Bg5 O-O 13. Qd3 h6 14. Bxf6 Bxf6 15. Rac1 Rac8 16. Rfd1 d5 17. e3 Qa5 18. Qb1 Rc4 19. b3 Rcc8 20. Rd2 Qa6 21. Rdc2 Be7 22. Ne5 Ba3 {½-½ Maras,M (2258)-Kovacevic,B (2443) Pula op 15th 2001 (3)}) 8... Nc6 9. Nb3 Be7 10. Re1 $146 ({RR} 10. Be3 d5 {½-½ Petersen,N (2005)-Isaksen,B (2245) Politiken Cup 16th 1994 (8)}) 10... Ne4 11. Nfd2 Nxd2 12. Bxd2 h5 13. e4 Nxd4 14. Be3 e5 15. Nxd4 exd4 16. Bxd4 Qg6 17. Qd3 Bc6 18. h4 d5 19. Rad1 dxe4 20. Bxe4 Bxe4 21. Qxe4 Qxe4 22. Rxe4 Rd8 23. Rde1 O-O 24. Bxg7 Kxg7 25. Rxe7 a6 26. R1e6 a5 27. Ra6 Rd2 28. Rxa5 Rxb2 29. Re5 b4 30. Rg5+ Kf6 31. Ra6+ Ke7 32. Re5+ Kd7 33. Rxh5 Rc8 34. Rb5 Rcc2 35. Rb7+ Kc8 36. Rxf7 Rxa2 37. Rg6 Rc7 38. Rf8+ Kb7 39. Rf4 Rb2 40. h5 b3 41. Rb4+ Kc8 42. Rg8+ Kd7 43. Rg7+ Kd6 44. Rxc7 1-0